000
00262nam a22001217a 4500
003
SGT
082
_a
617.7
_b
U15V
100
_a
VANATHI, M.
245
_a
UNDERGRADUATE OPHTHALMOLOGY
260
_a
PHILADELPHIA
_b
WOLTER
_c
2015
300
_a
394
942
_2
ddc
_c
BK
999
_c
14956
_d
14956